Citez une Même chanson par artiste #NOPLP - Statistiques

Statistiques générales
  • Ce quiz a été pris 439 fois
    47 depuis la dernière actualisation
  • Le résultat moyen est 63 sur 257
Statistiques - réponses
Nb MC Artistes Chansons % Correct
11 Johnny Hallyday Allumer le feu / Gabrielle / Je te promets / L'Envie / La Musique que j'aime / Le Pénitencier / Marie / Que je t'aime / Quelque chose de Tennessee / Requiem pour un fou / Sang pour sang
95%
15 Jean-Jacques Goldman J'irai où tu iras / Au bout de mes rêves / Comme toi / Elle a fait un bébé toute seule / Encore un matin / Envole-moi / Il changeait la vie / Il suffira d'un signe / Je marche seul / La Vie par procuration / On ira / Puisque tu pars / Quand la musique est bonne / Je te donne / Là-bas
95%
13 Céline Dion D'amour ou d'amitié / Destin / En attendant ses pas / Encore un soir / Je sais pas / L'Amour existe encore / Ne partez pas sans moi / On ne change pas / Parler à mon père / Pour que tu m'aimes encore / S'il suffisait d'aimer / Sous le vent / J'irai où tu iras
90%
9 Claude François Alexandrie Alexandra / Belinda / C'est la même chanson / Cette année-là / Chanson populaire / Comme d'habitude / Je vais à Rio / Le Chanteur malheureux / Le Lundi au soleil
85%
7 Joe Dassin À toi / L'Amérique / Le Petit pain au chocolat / Les Champs-Élysées / Salut les amoureux / Siffler sur la colline / Dans les yeux d'Emilie
83%
9 Francis Cabrel C'est écrit / Encore et encore / Je l'aime à mourir / Je t'aimais je t'aime je t'aimerai / L'Encre de tes yeux / La Corrida / La Dame de Haute-Savoie / Petite Marie / Octobre
83%
8 Calogero C'est dit / En apesanteur / Je joue de la musique / Le Portrait / Pomme C / Si seulement je pouvais lui manquer / Un jour au mauvais endroit / Yalla
80%
8 Charles Aznavour Comme ils disent / Désormais / For Me Formidable / Hier encore / Je m'voyais déjà / La Bohème / Les Comédiens / Mes emmerdes
80%
7 Daniel Balavoine Je ne suis pas un héros / L'Aziza / La Vie ne m'apprend rien / Le Chanteur / Mon fils ma bataille / Tous les cris les S.O.S. / Aimer est plus fort que d'être aimé
80%
11 Michel Sardou 10 ans plus tôt / En chantant / Être une femme / Je vais t'aimer / Je viens du Sud / La Java de Broadway / La Maladie d'amour / Le France / Les Lacs du Connemara / Les Vieux mariés / Les Villes de solitude
78%
7 Louane Avenir / Jour 1 / Maman / Si t'étais là / Je vole / On était beau / Secret
78%
9 France Gall Ella elle l'a / Évidemment / Il jouait du piano debout / La Déclaration d'amour / Musique / Poupée de cire poupée de son / Résiste / Si maman si / Viens je t'emmène
78%
6 Christophe Maé Belle demoiselle / Ça fait mal / Mon p'tit gars / On s'attache / Parce qu'on sait jamais / Tombé sous le charme
76%
7 Patrick Bruel Alors regarde / Au café des délices / Casser la voix / J'te l'dis quand même / Mon amant de Saint-Jean / Place des grands hommes / Qui a le droit
73%
6 Lara Fabian Immortelle / J'y crois encore / Je t'aime / La Différence / Tout / Tu es mon autre
71%
4 Kendji Girac Andalouse / Color gitano / Les Yeux de la mama / Pour oublier
66%
3 Notre Dame de Paris Belle / Le Temps des cathédrales / Vivre
66%
8 Florent Pagny Bienvenue chez moi / Chanter / Et un jour une femme / Là où je t'emmènerai / Ma liberté de penser / N'importe quoi / Savoir aimer / Si tu veux m'essayer
66%
6 Jenifer Au soleil / Des mots qui résonnent / Donne-moi le temps / J'attends l'amour / Ma révolution / Je danse
61%
3 Amel Bent Ma philosophie / Ne retiens pas tes larmes / 1, 2, 3
61%
4 Vanessa Paradis Divine idylle / Joe le taxi / Tandem / La Seine
59%
3 Clara Luciani La Grenade / Le Reste / Respire encore
59%
6 Vianney La Même / Les Filles d'aujourd'hui / Beau-papa / Dumbo / Je m'en vais / Moi aimer toi
59%
8 Michel Berger Celui qui chante / Chanter pour ceux qui sont loin de chez eux / Diego libre dans sa tête / La Groupie du pianiste / Le Paradis blanc / Quelques mots d'amour / Seras-tu là / Les princes des villes
56%
5 Dalida Il venait d'avoir 18 ans / Itsi bitsi petit bikini / Le Temps des fleurs / Mourir sur scène / Laissez-moi danser
56%
6 Zazie J'envoie valser / Je suis un homme / Rue de la paix / Un point c'est toi / Zen / Rodéo
56%
3 Kyo Dernière danse / Le Graal / Le Chemin
54%
3 Stromae Papaoutai / Ta fête / Tous les mêmes
54%
5 Starmania Le Blues du businessman / Quand on arrive en ville / S.O.S. d'un Terrien en détresse / Le Monde est stone / Un garçon pas comme les autres (Ziggy)
51%
3 Renaud Manhattan-Kaboul / Mistral gagnant / Morgane de toi
51%
3 Axelle Red Parce que c'est toi / Sensualité / Manhattan-Kaboul
51%
5 Alain Souchon Allô maman bobo / Ballade de Jim / Bidon / Foule sentimentale / L'Amour à la machine
49%
3 Jacques Brel Amsterdam / Ne me quitte pas / Quand on n'a que l'amour
49%
3 Téléphone Cendrillon / New York avec toi / Un autre monde
49%
4 Mylène Farmer Désenchantée / L'Instant X / Libertine / Sans contrefaçon
49%
5 Patricia Kaas Entrer dans la lumière / Il me dit que je suis belle / Les Hommes qui passent / Mademoiselle chante le blues / Mon mec à moi
49%
6 Pascal Obispo Mourir demain / Fan / L'Important c'est d'aimer / Lucie / Millésime / Tombé pour elle
49%
3 Grégoire Rue des étoiles / Ta main / Toi + moi
49%
2 Jérémy Frérot Un homme / Adieu
49%
3 Mozart l'Opéra Rock C'est bientôt la fin / L'Assasymphonie / Tatoue-moi
46%
4 Marc Lavoine Elle a les yeux revolver / Les Tournesols / J'ai tout oublié / Le parking des anges
46%
6 Édith Piaf Hymne à l'amour / Milord / Mon manège à moi / Non je ne regrette rien / Padam padam / L'homme à la moto
46%
4 Amir J'ai cherché / Longtemps / On dirait / Rétine
46%
2 Garou Sous le vent / Seul
46%
3 Christophe Aline / Les Marionnettes / Les Mots bleus
41%
5 Laurent Voulzy Belle-Île-en-Mer Marie-Galante / Le Cœur grenadine / Le Pouvoir des fleurs / Rockollection / Désir désir
41%
2 Barbara Dis quand reviendras-tu / L'Aigle noir
41%
2 Gilbert Montagné Les Sunlights des tropiques / On va s'aimer
41%
4 Julien Doré Pour un infidèle / Coco câline / Les Limites / Nous
41%
1 Nolwenn Leroy Cassé
39%
4 Georges Brassens Chanson pour l'Auvergnat / La Mauvaise réputation / Le Gorille / Les Copains d'abord
39%
1 Indila Dernière danse
39%
1 Bigflo et Oli Dommage
39%
2 Christophe Willem Double je / Jacques a dit
39%
4 Michel Polnareff Goodbye Marylou / Lettre à France / On ira tous au paradis / Tous les bateaux tous les oiseaux
39%
2 Kids United On écrit sur les murs / La Tendresse
39%
1 Ben l'Oncle Soul Soulman
39%
2 Gims Bella / La Même
37%
4 Eddy Mitchell Couleur menthe à l'eau / La Dernière séance / Pas de boogie-woogie / Sur la route de Memphis
37%
5 Julien Clerc Fais-moi une place / Femmes je vous aime / Lili voulait aller danser / Ma préférence / Mélissa
37%
6 Michel Fugain Je n'aurai pas le temps / Attention mesdames et messieurs / Chante... comme si tu devais mourir demain / Fais comme l'oiseau / La Fête / Une belle histoire
37%
1 Renan Luce La Lettre
37%
5 Michel Delpech Chez Laurette / Le Chasseur / Le Loir-et-Cher / Pour un flirt / Quand j'étais chanteur
34%
5 Gérald De Palmas Elle habite ici / J'en rêve encore / Sur la route / Tomber / Une seule vie
34%
4 M Je dis aime / Onde sensuelle / Qui de nous deux / La Seine
34%
3 Serge Lama Je suis malade / Les P'tites femmes de Pigalle / Femme femme femme
34%
2 Olivia Ruiz J'traîne des pieds / La Femme chocolat
34%
4 Les 10 Commandements L'Envie d'aimer / La Peine maximum / Le Dilemme / Mon frère
34%
3 Claude Nougaro Armstrong / Nougayork / Tu verras
32%
3 Angèle Bruxelles je t'aime / Je veux tes yeux / Tout oublier
32%
3 Soprano Clown / Mon précieux / Roule
32%
3 Charles Trenet Douce France / La Mer / Y a d'la joie
32%
2 Dave Du côté de chez Swann / Vanina
32%
1 Patrick Sébastien Les Sardines
32%
2 Nino Ferrer Le Sud / Le Téléfon
32%
2 Bourvil Salade de fruit / La Tendresse
32%
5 Véronique Sanson Besoin de personne / Chanson sur ma drôle de vie / Vancouver / Ma révérence / Rien que de l'eau
29%
2 Hugues Aufray Céline / Santiano
29%
3 Serge Gainsbourg Élisa / La Javanaise / Le Poinçonneur des Lilas
29%
1 Mika Elle me dit
29%
1 Jeanne Mas En rouge et noir
29%
2 Louise Attaque J't'emmène au vent / Léa
29%
1 Alizée Moi Lolita
29%
1 2 be 3 Partir un jour
29%
1 Khaled Aïcha
27%
3 Gold Capitaine abandonné / Laissez-nous chanter / Plus près des étoiles
27%
1 Cookie Dingler Femme libérée
27%
1 Michael Jones Je te donne
27%
1 Sirima Là-bas
27%
1 Bénabar Le Dîner
27%
2 Dany Brillant Quand je vois tes yeux / Suzette
27%
1 Hoshi Ta marinière
27%
1 L5 Toutes les femmes de ta vie
27%
1 Barbara Pravi Voilà
27%
3 Claudio Capéo Ça va ça va / Riche / Si j'avais su
24%
2 BB Brunes Dis-moi / Lalalove you
24%
1 Mentissa Et Bam
24%
2 Brigitte Bardot Harley Davidson / La Madrague
24%
2 Roch Voisine Hélène / Tant pis
24%
1 Zaz Je veux
24%
2 Annie Cordy La Bonne du curé / Tata Yoyo
24%
2 M. Pokora Les Planètes / Tombé
24%
1 Desireless Voyage voyage
24%
2 La compagnie créole Ça fait rire les oiseaux / Le Bal masqué
22%
2 Joyce Jonathan Ça ira / Les filles d'aujourd'hui
22%
2 Grégory Lemarchal Écris l'histoire / De temps en temps
22%
3 Alain Bashung Gaby oh Gaby / La Nuit je mens / Osez Joséphine
22%
1 Indochine J'ai demandé à la Lune
22%
3 Lorie Je serai (ta meilleure amie) / Sur un air latino / Près de moi
22%
1 Images Les Démons de minuit
22%
1 Tal Le Sens de la vie
22%
2 Disney Libérée délivrée / L'Histoire de la vie
22%
1 Début de soirée Nuit de folie
22%
1 Corynne Charby Boule de flipper
20%
4 Mike Brant C'est ma prière / Laisse-moi t'aimer / Qui saura / Rien qu'une larme
20%
1 Julie Pietri Ève lève-toi
20%
1 Fréro Delavega Le chant des sirènes
20%
1 Sita Le Chemin
20%
1 Thierry Hazard Le Jerk
20%
1 Mickael Miro L'Horloge tourne
20%
1 Superbus Lola
20%
2 Maxime Le Forestier Mon frère / San Francisco
20%
2 Coeur de Pirate Pour un infidèle / Comme des enfants
20%
2 Tina Arena Aimer jusqu'à l'impossible / Aller plus haut
17%
2 Rita Mitsouko Andy / Marcia baïla
17%
1 Peter et Sloane Besoin de rien envie de toi
17%
2 Hervé Vilard Capri c'est fini / Nous
17%
1 Raphaël Caravane
17%
1 Jean Schultheis Confidence pour confidence
17%
1 David et Jonathan Est-ce que tu viens pour les vacances
17%
3 Natasha St-Pier Je n'ai que mon âme / Tu trouveras / Mourir demain
17%
1 Yannick Noah Les Lionnes
17%
1 Roméo & Juliette Les Rois du monde
17%
2 François Feldman Les Valses de Vienne / Joue pas
17%
1 Tryo L'Hymne de nos campagnes
17%
1 Jean-Pierre Mader Macumba
17%
1 Luis Mariano Mexico
17%
2 Camélia Jordana Non non non / Facile
17%
1 Tino Rossi Petit Papa Noël
17%
1 Carla Bruni Quelqu'un m'a dit
17%
1 Diane Tell Si j'étais un homme
17%
1 Roméo Elvis Tout oublier
17%
1 Gérard Blanc Une autre histoire
17%
1 Trois Cafés Gourmand À nos souvenirs
15%
1 Axel Bauer Cargo
15%
1 Mc Solaar Caroline
15%
1 Pierre Garnier Ceux qu'on était
15%
1 Dani Comme un boomerang
15%
1 Stephan Eicher Déjeuner en paix
15%
1 Ophélie Winter Dieu m'a donné la foi
15%
2 Niagara Je dois m'en aller / L'Amour à la plage
15%
1 Damien Saez Jeune et con
15%
2 Gérard Lenorman La Ballade des gens heureux / Michèle
15%
1 Richard Cocciante Le Coup de soleil
15%
1 Claude Barzotti Le Rital
15%
1 Sabine Paturel Les Bêtises
15%
2 Alain Chamfort Le Temps qui court / Manureva
15%
1 Marie Myriam L'Oiseau et l'enfant
15%
1 Corneille Parce qu'on vient de loin
15%
1 Patrick Fiori Que tu reviennes
15%
2 Étienne Daho Tombé pour la France / Comme un boomerang
15%
1 Sinsemilia Tout le bonheur du monde
15%
1 Larusso Tu m'oublieras
15%
1 Emma Daumas Tu seras
15%
1 Mecano Une femme avec une femme
15%
2 Vitaa & Slimane Avant toi / Je te le donne
12%
3 Françoise Hardy Comment te dire adieu / Mon amie la rose / Tous les garçons et les filles
12%
1 Yseult Corps
12%
3 Héléne Ségara Elle tu l'aimes / Il y a trop de gens qui t'aiment / Vivo per lei
12%
1 Aliosha Schneider Ensemble
12%
1 La petite culote La goffa Lolita
12%
1 Jean Ferrat La Montagne
12%
1 Zaho de Sagazan La symphonie des éclairs
12%
1 Juliette Armanet Le Dernier jour du disco
12%
1 Daniel Guichard Mon vieux
12%
1 Patrick Juvet Où sont les femmes
12%
1 Laam Petite sœur
12%
1 Isabelle Adjani Pull marine
12%
1 Santa Recommence-moi
12%
1 David Hallyday Tu ne m'as pas laissé le temps
12%
1 Hatik 1, 2, 3
10%
1 Tété À la faveur de l'automne
10%
1 Pauline Allô le monde
10%
2 Fredericks Goldman Jones À nos actes manqués / Né en 17 à Leidenstadt
10%
1 Christine and the Queens Christine
10%
1 Boulevard des Airs Emmène-moi
10%
2 Le Roi Soleil Être à la hauteur / Je fais de toi mon essentiel
10%
2 C. Jérôme Et tu danses avec lui / Kiss Me
10%
1 Il était une fois J'ai encore rêvé d'elle
10%
3 Sylvie Vartan L'Amour c'est comme une cigarette / La Plus belle pour aller danser / Comme un garçon
10%
1 Nicoletta La Musique
10%
1 Le Grand Orchestre du Splendid La Salsa du démon
10%
1 Lio Les Brunes comptent pas pour des prunes
10%
1 Les Poppys Non non rien n'a changé
10%
1 Stephanie Ouragan
10%
1 Maëlle Toutes les machines ont un cœur
10%
1 Brigitte Battez-vous
7%
1 Emmanuel Moire Beau malheur
7%
1 Léopold Nord et vous C'est l'amour
7%
1 Caroline Loeb C'est la ouate
7%
1 Yanns Clic clic pan pan
7%
1 Shy'm Femme de couleur
7%
2 Jacques Dutronc J'aime les filles / Il est cinq heures Paris s'éveille
7%
1 Henry Salvador Jardin d'hiver
7%
1 Orelsan La Quête
7%
1 Thierry Pastor Le Coup de folie
7%
1 Sheila Les Rois mages
7%
1 Pierre Perret Lily
7%
1 Anais Mon cœur mon amour
7%
1 Catherine Lara Nuit magique
7%
1 Gauvain Sers Pourvu
7%
1 William Sheller Un homme heureux
7%
1 Didier Barbelivien À toutes les filles
5%
1 Felix Gray A toutes les filles
5%
1 Thomas Dutronc Comme un manouche sans guitare
5%
1 Pierre Bachelet Elle est d'ailleurs
5%
2 Gilbert Bécaud Et maintenant / L'important c'est la rose
5%
1 Jean-Luc Lahaye Femme que j'aime
5%
1 Eddy De Pretto Fête de trop
5%
1 Joniece Jamison Joue pas
5%
1 Les Enfoirés La Chanson des restos
5%
1 Rose La liste
5%
1 Georges Moustaki Le Métèque
5%
1 Teri Moïse Les Poèmes de Michelle
5%
1 Elsa T'en va pas
5%
1 Maurane Tu es mon autre
5%
2 Liane Foly Au fur et à mesure / On a tous le droit
2%
1 Mireille Matthieu Bravo tu as gagné
2%
1 Les Frangines Donnez-moi
2%
1 Michèle Torr Emmène-moi danser ce soir
2%
1 Chimene Badi Entre nous
2%
1 Daniel Lavoie Ils s'aiment
2%
1 Philippe Lavil Il tape sur des bambous
2%
1 Patrick Coutin J'aime regarder les filles
2%
1 Marocco J'ai tout oublié
2%
1 Yves Montand La bicyclette
2%
1 Stone et Charden L'Avventura
2%
1 Francis Lalanne (Le Passage) On se retrouvera
2%
1 Keen'V Outété
2%
1 Isabelle Boulay Parle-moi
2%
1 Yves Duteil Prendre un enfant
2%
1 Julie Zenatti Si je m'en sors
2%
1 Blues Trottoir Un soir de pluie
2%
1 Jean-Louis Aubert Voilà c'est fini
2%
1 Lina Margy Ah le petit vin blanc
0%
1 Léo Ferré Avec le temps
0%
2 Michel Jonasz Dites-moi / Les vacances au bord de la mer
0%
1 Serge Regiani Il suffirait de presque rien
0%
1 Frédéric François Je t'aime à l'italienne
0%
1 Pétula Clarck La gadoue
0%
1 Bézu et la Classe La Queuleuleu
0%
1 Pauline Ester Oui je l'adore
0%
1 Nicole Croisille Téléphone-moi
0%
1 Elli Medeiros Toi mon toit
0%
1 Sacha Distel Toute la pluie tombe sur moi
0%
2 Slimane Viens on s'aime / La recette
0%
1 Salvatore Adamo Vous permettez Monsieur
0%
Aucun quiz correspondant
Distribution des résultats
% des personnes avec chaque résultat
Percentile par nombre de réponses
Votre historique - résultats
Vous n’avez pas pris ce quiz depuis la dernière actualisation